000 00310nam a2200121Ia 4500
005 20251222154314.0
008 251222s9999||||xx |||||||||||||| ||spa||
020 _a0-534-34450-X
082 _a515.3/S79
100 _a"Stewart, James"
245 0 _aCalculus: concepts and contexts single variable
942 _cLIB
999 _c33510
_d33510